[Event "Africa-ch"]
[Site "Accra"]
[Date "2024.03.20"]
[Round "9"]
[White "Aikhoje, Odion"]
[Black "Ntamatungiro, Wilfried"]
[Result "1-0"]
[WhiteElo "2215"]
[BlackElo "1905"]
[PlyCount "101"]
[EventDate "2024.03.13"]
[EventType "swiss"]
[EventRounds "9"]
[EventCountry "GHA"]
[SourceTitle "EXT 2025"]
[Source "ChessBase"]
[SourceDate "2024.10.14"]
[SourceVersion "1"]
[SourceVersionDate "2024.10.14"]
[SourceQuality "1"]

1. Nf3 Nf6 2. d4 d5 3. Bf4 e6 4. e3 Be7 5. Nbd2 Nbd7 6. Bd3 c5 7. c3 Nh5 8. Be5 Nxe5 9. Nxe5 Nf6 10. f4 c4 11. Bc2 b5 12. a3 Bb7 13. Qf3 g6 14. g4 Nd7 15. Nxd7 Qxd7 16. g5 h6 17. h4 h5 18. Qg2 a5 19. Nf3 Bd6 20. 0-0 0-0 21. Ne5 Bxe5 22. fxe5 b4 23. axb4 axb4 24. cxb4 c3 25. bxc3 Qc7 26. Qd2 Rfc8 27. Rxa8 Rxa8 28. Bd3 Ra3 29. Rc1 Bc8 30. Qb2 Qa7 31. Bb1 Bd7 32. b5 Qa4 33. Bc2 Ra2 34. Bxa4 Rxb2 35. c4 dxc4 36. Rxc4 Bxb5 37. Rc8+ Kg7 38. Rb8 Rb1+ 39. Kh2 Bd3 40. Rxb1 Bxb1 41. Kg3 Be4 42. Kf2 Kf8 43. Ke1 Ke7 44. Kd2 Bb7 45. Kc3 Be4 46. Kb4 Bd5 47. Kc5 Bf3 48. Kb6 Bd5 49. Bc6 Bb3 50. Kc7 Bd5 51. e4 1-0

[Event "Africa-ch"]
[Site "Accra"]
[Date "2024.03.18"]
[Round "7"]
[White "Ntamatungiro, Wilfried"]
[Black "Adewole, Adeyinka Samuel"]
[Result "1-0"]
[WhiteElo "1905"]
[BlackElo "1935"]
[PlyCount "63"]
[EventDate "2024.03.13"]
[EventType "swiss"]
[EventRounds "9"]
[EventCountry "GHA"]
[SourceTitle "EXT 2025"]
[Source "ChessBase"]
[SourceDate "2024.10.14"]
[SourceVersion "1"]
[SourceVersionDate "2024.10.14"]
[SourceQuality "1"]

1. e4 d6 2. d4 Nf6 3. Bd3 g6 4. f4 Bg7 5. Nf3 c6 6. 0-0 0-0 7. f5 Nbd7 8. e5 dxe5 9. dxe5 Nxe5 10. Nxe5 Qd4+ 11. Kh1 Qxe5 12. fxg6 hxg6 13. Nd2 Ng4 14. Nf3 Qh5 15. Qe1 e5 16. h3 f5 17. Bc4+ Kh8 18. Kg1 Nh6 19. Nxe5 f4 20. Bxf4 Rxf4 21. Nxg6+ Qxg6 22. Rxf4 Bxh3 23. Qf2 Bf5 24. c3 b5 25. Bb3 Be5 26. Rh4 Rf8 27. Rf1 Bf6 28. Rh1 Be4 29. Rh2 Qg7 30. Qe3 Bh7 31. Rxh6 Bd8 32. Rxf8+ 1-0

[Event "Online Olym Div4 C"]
[Site "Chess.com INT"]
[Date "2021.08.21"]
[Round "7.4"]
[White "Clark, Gary M"]
[Black "Ntamatungiro, Wilfried"]
[Result "0-1"]
[WhiteElo "2278"]
[BlackElo "1720"]
[PlyCount "154"]
[EventDate "2021.08.20"]
[EventType "team (rapid)"]
[EventRounds "11"]
[EventCountry "USA"]
[SourceTitle "CBM 203 Extra"]
[Source "ChessBase"]
[SourceDate "2021.09.30"]
[SourceVersion "1"]
[SourceVersionDate "2021.09.30"]
[SourceQuality "1"]
[WhiteTeam "Jersey"]
[BlackTeam "Burundi"]
[WhiteTeamCountry "GCI"]
[BlackTeamCountry "BRI"]

1. e4 d5 2. exd5 Nf6 3. Nf3 Nxd5 4. c4 Nf6 5. Nc3 Bg4 6. h3 Bh5 7. Be2 e6 8. 0-0 c6 9. d4 Nbd7 10. Bf4 Be7 11. a3 0-0 12. Re1 Re8 13. g4 Bg6 14. Ne5 Nxe5 15. Bxe5 Nd7 16. Bf3 Nxe5 17. dxe5 Qb6 18. b4 Rad8 19. Qe2 Bd3 20. Qb2 Bxc4 21. Ne4 Qd4 22. Qc1 Bd5 23. Rd1 Qxe5 24. Re1 Qd4 25. Rd1 Qc4 26. Qe3 Qb3 27. Rd3 Qa4 28. Nc3 Qa6 29. Be2 b5 30. Ne4 Bxb4 31. Qg5 Be7 32. Qe3 Qb7 33. Ng3 Bf6 34. Rad1 g6 35. g5 Be7 36. h4 Qc7 37. h5 e5 38. h6 e4 39. Qd4 Bf8 40. Re3 Qe5 41. Qxe5 Rxe5 42. Nxe4 Be7 43. Nf6+ Bxf6 44. gxf6 Rxe3 45. fxe3 Re8 46. Kf2 Re5 47. Bf3 Re8 48. Bxd5 cxd5 49. Rxd5 a6 50. Rd6 Ra8 51. Kf3 Kf8 52. Ke4 a5 53. Rb6 b4 54. axb4 axb4 55. Rxb4 Ke8 56. Rb6 Rd8 57. Rb7 Rd6 58. Re7+ Kf8 59. Ke5 Ra6 60. Rb7 Re6+ 61. Kd4 g5 62. Rb8+ Re8 63. Rxe8+ Kxe8 64. Ke5 Kd7 65. Kf5 Kd6 66. Kxg5 Ke5 67. Kg4 Kxf6 68. Kf4 Kg6 69. Ke5 Kg5 70. e4 Kg6 71. Kd6 Kxh6 72. Ke7 Kg6 73. e5 h5 74. e6 fxe6 75. Kxe6 h4 76. Ke5 h3 77. Kf4 h2 0-1

[Event "Olympiad-43"]
[Site "Batumi"]
[Date "2018.10.02"]
[Round "8.1"]
[White "Bah, Ebrima"]
[Black "Ntamatungiro, Wilfried"]
[Result "1-0"]
[WhiteElo "2066"]
[BlackElo "1765"]
[PlyCount "83"]
[EventDate "2018.09.24"]
[EventType "team-swiss"]
[EventRounds "11"]
[EventCountry "GEO"]
[SourceTitle "CBM 187"]
[Source "ChessBase"]
[SourceDate "2018.12.11"]
[SourceVersion "1"]
[SourceVersionDate "2018.12.11"]
[SourceQuality "1"]
[WhiteTeam "Gambia"]
[BlackTeam "Burundi"]
[WhiteTeamCountry "GAM"]
[BlackTeamCountry "BRI"]

1. e4 Nc6 2. d4 e5 3. c3 Nf6 4. Bg5 Be7 5. Bxf6 Bxf6 6. d5 Ne7 7. Bd3 Ng6 8. g3 d6 9. Nd2 0-0 10. h4 c6 11. Qe2 Qc7 12. Qf3 Qe7 13. 0-0-0 Bd7 14. h5 Nh8 15. g4 c5 16. Ne2 b5 17. Ng3 b4 18. c4 a5 19. Nf5 Bxf5 20. exf5 Bg5 21. h6 g6 22. Kb1 f6 23. fxg6 hxg6 24. Ne4 Bf4 25. h7+ Kf7 26. Rde1 Qd7 27. Rh3 a4 28. Qg2 b3 29. a3 Ke7 30. Rf3 Kd8 31. Qh3 Kc7 32. Qh4 Qg7 33. Rh3 Rae8 34. f3 Re7 35. Reh1 Ref7 36. Qf2 Rd7 37. Nxc5 dxc5 38. Qxc5+ Kd8 39. Qb6+ Ke8 40. c5 e4 41. Bb5 Bc7 42. Qxc7 1-0

[Event "Olympiad-43"]
[Site "Batumi"]
[Date "2018.09.25"]
[Round "2.1"]
[White "Mimbasa Kutesa, Willy"]
[Black "Ntamatungiro, Wilfried"]
[Result "0-1"]
[WhiteElo "1760"]
[BlackElo "1765"]
[PlyCount "102"]
[EventDate "2018.09.24"]
[EventType "team-swiss"]
[EventRounds "11"]
[EventCountry "GEO"]
[SourceTitle "CBM 187"]
[Source "ChessBase"]
[SourceDate "2018.12.11"]
[SourceVersion "1"]
[SourceVersionDate "2018.12.11"]
[SourceQuality "1"]
[WhiteTeam "Congo"]
[BlackTeam "Burundi"]
[WhiteTeamCountry "CON"]
[BlackTeamCountry "BRI"]

1. e4 Nc6 2. Nf3 f5 3. Bc4 fxe4 4. Nh4 Nf6 5. Nc3 e6 6. d4 d5 7. Bb5 Bb4 8. Bg5 0-0 9. f3 Qd6 10. Qd2 exf3 11. Nxf3 Ne4 12. Qe3 e5 13. Bxc6 bxc6 14. 0-0 exd4 15. Nxd4 Ba6 16. Rxf8+ Rxf8 17. Nxe4 dxe4 18. Qxe4 Bc5 19. c3 Qd5 20. Qxd5+ cxd5 21. Kh1 Bxd4 22. cxd4 Bd3 23. Kg1 h6 24. Bh4 Kf7 25. Rc1 Rc8 26. Rc3 Be4 27. Rc6 Ke8 28. Re6+ Kf8 29. Ra6 c5 30. Rxa7 cxd4 31. Be7+ Kg8 32. Rb7 d3 33. Bb4 Rc2 34. Rb8+ Kh7 35. Kf1 Rxb2 36. a4 Bxg2+ 37. Ke1 Bf3 38. a5 d2+ 39. Bxd2 Rxb8 40. Kf2 Be4 41. Be3 Rb2+ 42. Kg3 Rg2+ 43. Kf4 Rxh2 44. Bd4 g5+ 45. Ke5 Ra2 46. Bc3 h5 47. Kd4 h4 48. Kc5 Rc2 49. Kd4 h3 50. a6 h2 51. a7 Ra2 0-1

[Event "UGA-ch op"]
[Site "Kampala"]
[Date "2017.11.12"]
[Round "8"]
[White "Christie, Karan Renold"]
[Black "Ntamatungiro, Wilfried"]
[Result "1/2-1/2"]
[WhiteElo "1634"]
[BlackElo "1806"]
[PlyCount "61"]
[EventDate "2017.11.09"]
[EventType "swiss"]
[EventRounds "8"]
[EventCountry "UGA"]
[SourceTitle "EXT 2019"]
[Source "ChessBase"]
[SourceDate "2018.10.10"]
[SourceVersion "1"]
[SourceVersionDate "2018.10.10"]
[SourceQuality "1"]

1. d4 Nf6 2. c4 e6 3. Nc3 d5 4. Bg5 Bb4 5. e3 0-0 6. Nf3 c6 7. a3 Bxc3+ 8. bxc3 dxc4 9. Bxc4 Nbd7 10. 0-0 b5 11. Bd3 Qc7 12. Rc1 Bb7 13. Re1 Rfe8 14. Bf4 Qa5 15. Qb3 Qb6 16. Ne5 a5 17. Qd1 c5 18. Nxd7 Nxd7 19. Qh5 g6 20. Qh6 c4 21. Be2 e5 22. dxe5 Nxe5 23. Rcd1 Rad8 24. Rxd8 Qxd8 25. Rd1 Nd3 26. Bg3 Be4 27. h4 Qf6 28. Bxd3 Bxd3 29. Qg5 Qxc3 30. Qxb5 Re6 31. Bc7 1/2-1/2